000 00858nam a2200253Ia 4500
003 OSt
005 20220923211442.0
006 a|||||r|||| 00| 0
007 ta
008 Pun
020 _a9789350172605
_c250
024 _a260,501
037 _b526, 02/12/2011, H.K. Prakashan
_cTextual
040 _aARTS
_cARTS
_bPun
041 _2Pun
_aPun
082 _aO153,1JPI:g, Q0
100 _aਸਰਵਨ ਸਿੰਘ, ਪਰਦੇਸੀ
_9158683
245 0 _aਮਿਰਗ਼ਾ ਸਾਹਿਬਾਂ ਕੱਚ ਤੇ ਸੱਚ
260 _aਚੰਡਿਗੜ
_b ਲੋਕਗੀਤ ਪ੍ਰਕਾFਨ
_c2010
300 _a174ਪੰ
_ccm.
650 _aਪੰਜਾਬੀ ਸਾਹਿਤ
942 _hO153,1JPI:g, Q0
_cTEXL
_2CC
999 _c299690
_d299690